| 000 | 00558nam a22002057a 4500 | ||
|---|---|---|---|
| 003 | OSt | ||
| 005 | 20140310182827.0 | ||
| 008 | 130529t xxu||||| |||| 00| 0 eng d | ||
| 020 | _a9789710428243 | ||
| 050 |
_aBV 220 _b.B751 2005 |
||
| 082 |
_aM 242 _bB751 2005 |
||
| 245 |
_aGod answers prayers / _cBottke, Allison. |
||
| 260 |
_aEugene, Oregon : _bHarvest House Publishers, _c2005 |
||
| 300 |
_a220 p. : _bill. ; _c21 cm. |
||
| 521 | _acollege students | ||
| 526 | _c1210L-1700L | ||
| 541 | _j1 | ||
| 562 | _e1 | ||
| 942 |
_2lcc _cBK-GS _kM |
||
| 999 |
_c16521 _d16521 |
||